| 000 | 00353cam a22001217a 4500 | ||
|---|---|---|---|
| 008 | 180718b1963 xxu||||| |||| 00| 0 eng d | ||
| 082 | _aA6x55 W641c | ||
| 100 | _aWilber, Donald N. | ||
| 245 |
_aContemporary. _cby Donald N. Wilber |
||
| 260 |
_aLondon _bThames And Hudson _c1963 |
||
| 300 | _avi, 224p | ||
| 650 | _aIran -Politics and government -1941-1979. | ||
| 999 |
_c412697 _d412697 |
||